Responses for Show #6160 - Friday, May 27, 2011

Contestants

[<< previous game]

Monica Iyer, a law clerk from New York, New York

Renee Huff, a high school English teacher from Olney, Maryland

Chloe Horning, a graduate student in library and information science from Seattle, Washington (whose 1-day cash winnings total $14,000)

[next game >>]

Jeopardy! Round responses

1811
THE SHANGHAI WORLD EXPO
INGREDIENTS IN THE MACBETH WITCHES' CAULDRON
"DROP" IT, BUSTER!
IT'S THE POLICE
I'LL NEED SOME BACKUP
    $200 11
George III

Monica
    $200 26
the Red Cross

Monica
    $200 1
(Monica: What is newt?)
...
(Alex: A newt's not my best friend, but a [*] is.)

dog

ChloeMonica
    $200 6
name-drop

Monica
    $200 14
to book

Monica
    $200 21
Kool

Monica
    $400 12
Jane Austen

Monica
    $400 27
Switzerland

Monica
    $400 2
newt

Renee
    $400 7
a gumdrop

Monica
    $400 15
Dragnet

Renee
    $400 22
Gladys Knight

Monica
    $600 13
Krupp

Triple Stumper
    $600 28
(Monica: What is France?)

Spain

Monica
Triple Stumper
    $600 3
wolf

Chloe
    $600 8
backdrop

Renee
    $2,000 17
Scotland Yard

Monica
    $600 23
Buddy Holly

Monica
    $800 16
(Monica: Who is Ali?)
(Alex: Be more specific.)
(Monica: Who is [*]?)

Muhammad Ali

Monica
    $800 29
Frida Kahlo

Monica
    $800 4
bat

Monica
    $800 9
at the drop of a hat

Monica
    $800 18
a billy club

Renee
    $800 24
KC

Monica
    $1000 20
Cumberland Road

Triple Stumper
    $1000 30
Hong Kong and Macao

Monica
    $1000 5
frog

Chloe
    $1000 10
dropsy

Chloe
    $1000 19
a gendarme

Monica
    $1000 25
Bob Marley

Chloe

Scores at the first commercial break (after clue 15):

Chloe Renee Monica
$2,800 $1,400 $2,800

Scores at the end of the Jeopardy! Round:

Chloe Renee Monica
$3,800 $2,200 $10,400

Double Jeopardy! Round responses

EUROPEAN NATIONALITIES
(Alex: Each correct response in [*] will contain a European nationality)
MOVIE TITLE MATH
YOU'RE THE TOP
McMEN
PINEAPPLES
ENDS WITH A BODY PART
    $400 10
Swedish massage

Chloe
    $400 6
(Alex: 12 Monkeys was the movie.)

144

Chloe
    $400 16
a summit

Chloe
    $400 26
McCormick

Renee
    $400 21
a crown

Triple Stumper
    $400 1
a stagehand

Renee
    $800 12
a Dutch oven

Renee
    $800 7
(Alex: What is 9 1/2 and 8 1/2 for a total of... [*].)

18

Triple Stumper
    $800 18
acme

Renee
    $800 27
(Joseph) McCarthy

Monica
    $800 22
dry

Triple Stumper
    $800 2
diagnose

Monica
    $1200 13
the Belgian Congo

Monica
    $1200 8
(Alex: 28 divided by the Fantastic 4.)

7

Chloe
    $1200 19
peak

Renee
    $1200 28
(Mitch) McConnell

Monica
    $1200 23
(Renee: What is winter?)

autumn

ChloeRenee
    $1200 3
(Chloe: What is bootlegging?)
(Alex: Bootlegging, or boot--no. Sorry.)
...
(Alex: [*], yes. It has to end with "leg", a body part.)

a bootleg

ChloeRenee
    $8,000 14
a Portuguese man-of-war

Monica
    $1600 9
30

Monica
    $3,000 20
pinnacle

Renee
    $1600 25
(Robert) McNamara

Monica
    $1600 29
(Renee: What is artificial soil?)

mulch

Renee
Triple Stumper
    $1600 4
an urchin

Monica
    $2000 15
Greek revival

Triple Stumper
    $2000 11
(Alex: 52 Pick Up minus 57, so the correct response is [*].)

-5

Triple Stumper
    $2000 17
Zenith

Triple Stumper
    $2000 24
(John) McAdam

Renee
    $2000 30
Fibonacci

Chloe
    $2000 5
richest

Chloe

Scores at the end of the Double Jeopardy! Round:

Chloe Renee Monica
$10,200 $9,200 $27,200
(lock game)

[wagering suggestions for these scores]

Final Jeopardy! Round responses

U.S. CITIES
ReneeWhat is Atlanta?
$3,000
ChloeWhat is Akron
$8,201
MonicaWhat is Akron?
$5,000
Akron

Final scores:

Chloe Renee Monica
$18,401 $6,200 $32,200
2nd place: $2,000 3rd place: $1,000 New champion: $32,200

Game dynamics:

Coryat scores:

Chloe Renee Monica
$10,200 $7,800 $19,400
12 R,
1 W
12 R
(including 1 DD),
2 W
26 R
(including 2 DDs),
2 W

Combined Coryat: $37,400

[game clues] [game scores] [suggest correction]

Game tape date: 2011-02-08
The J! Archive is created by fans, for fans. Scraping, republication, monetization, and malicious use prohibited; this site may use cookies and collect identifying information. See terms. The Jeopardy! game show and all elements thereof, including but not limited to copyright and trademark thereto, are the property of Jeopardy Productions, Inc. and are protected under law. This website is not affiliated with, sponsored by, or operated by Jeopardy Productions, Inc. Join the discussion at JBoard.tv.